Statistics for Top 10 NBA players OAT

Click here to take the quiz!

General Stats

  • This quiz has been taken 76 times
  • The average score is 7 of 10

Answer Stats

Answer% Correct
Michael Jordan
98%
Lebron James
94%
Larry Bird
86%
Kobe Bryant
84%
Kareem Abdul-Jabbar
78%
Magic Johnson
75%
Shaquille O'Neal
75%
Wilt Chamberlain
63%
Tim Duncan
62%
Hakeem Olajuwon
35%

Score Distribution

Percentile by Number Answered

Percent of People with Each Score

Your Score History

You have not taken this quiz